The population ecology of interest group formation: mobilizing for gay and lesbian rights in the United States, 1950-98 (Record no. 60555)

000 -LEADER
fixed length control field 00452pab a2200145 454500
008 - FIXED-LENGTH DATA ELEMENTS--GENERAL INFORMATION
fixed length control field 180718b2004 xxu||||| |||| 00| 0 eng d
100 ## - MAIN ENTRY--PERSONAL NAME
Personal name Nowness, Anthony J.
245 ## - TITLE STATEMENT
Title The population ecology of interest group formation: mobilizing for gay and lesbian rights in the United States, 1950-98
260 ## - PUBLICATION, DISTRIBUTION, ETC.
Date of publication, distribution, etc. 2004
300 ## - PHYSICAL DESCRIPTION
Extent p.49-67.
362 ## - DATES OF PUBLICATION AND/OR SEQUENTIAL DESIGNATION
Dates of publication and/or sequential designation Jan
650 ## - SUBJECT ADDED ENTRY--TOPICAL TERM
Topical term or geographic name entry element Interest groups
773 ## - HOST ITEM ENTRY
Main entry heading British Journal of Political Science
909 ## -
-- 60555
Holdings
Withdrawn status Lost status Damaged status Not for loan Permanent Location Current Location Date acquired Serial Enumeration / chronology Barcode Date last seen Price effective from Koha item type
        Indian Institute of Public Administration Indian Institute of Public Administration 2018-07-19 Volume no: 34, Issue no: 1 AR61001 2018-07-19 2018-07-19 Articles

Powered by Koha